| 000 | 00611nam a2200241Ia 4500 | ||
|---|---|---|---|
| 003 | OSt | ||
| 005 | 20220924151614.0 | ||
| 006 | a|||||r|||| 00| 0 | ||
| 007 | ta | ||
| 008 | 220923b |||||||| |||| 00| 0 ara d | ||
| 024 | _a338344 | ||
| 037 | _cTextual | ||
| 040 |
_aARTS _cARTS _bara |
||
| 041 |
_2ara _aara |
||
| 082 | _aO28,3NWA,2, L4 | ||
| 100 |
_aOvettar Tahir Au. _9224559 |
||
| 245 | 0 | _aQissah-al-sallaz | |
| 260 | _c1974 | ||
| 300 |
_a277p. _ccm. |
||
| 650 |
_aARABIC FICTION _964594 |
||
| 942 |
_hO28,3NWA,2, L4 _cTEXL _2CC |
||
| 999 |
_c467104 _d467104 |
||